000 00649nam a2200205 i 4500
001 115523
003 ES-MaACL
007 t|
008 070314s1921 sp ||||1| spa d
080 _a621.313(02)
100 1 _aSintes Olives, Francisco F.
_9106653
245 1 0 _aConstrucción de máquinas eléctricas /
_cpor Francisco F. Sintes.
260 _aMadrid :
_bCalpe,
_c[1921]
300 _a126 p. :
_bil. ;
_c17 cm.
490 1 _aBiblioteca del electricista práctico ;
_v32
650 1 4 _aMáquinas eléctricas.
_914765
830 0 _aBiblioteca del electricista práctico ;
_v32
_9186267
852 _aES-MaACL
_jB-3765
999 _c115523
_d115523